Top Baby Girl Names in Alabama for 1990 - Statistics

General Stats
  • This quiz has been taken 193 times
  • The average score is 47 of 100
Answer Stats
Number Name % Correct
3 Jessica
89%
17 Jennifer
86%
14 Mary
83%
39 Sara
83%
11 Elizabeth
82%
13 Emily
81%
26 Anna
80%
27 Katherine
80%
68 Olivia
77%
21 Hannah
76%
32 Kristen
76%
62 Kristin
76%
5 Amanda
74%
51 Michelle
74%
36 Victoria
74%
63 Nicole
73%
24 Rachel
73%
34 Laura
71%
30 Rebecca
71%
42 Amy
70%
10 Lauren
70%
1 Ashley
68%
22 Kimberly
68%
20 Samantha
68%
16 Stephanie
68%
41 Melissa
64%
46 Allison
63%
49 Katie
63%
92 Angel
61%
78 Caroline
61%
98 Julie
61%
67 Meagan
61%
18 Megan
61%
48 Danielle
59%
12 Sarah
59%
38 Christina
58%
66 Kelly
58%
79 Kristina
58%
93 Margaret
58%
57 Brianna
56%
4 Kayla
56%
7 Amber
55%
43 Erin
55%
87 Alexis
54%
45 Taylor
54%
86 Alyssa
53%
2 Brittany
53%
52 Catherine
53%
55 Angela
51%
65 Alicia
50%
44 Andrea
50%
72 Bethany
48%
15 Heather
47%
6 Jasmine
47%
59 Leah
46%
94 Patricia
45%
9 Courtney
44%
31 Morgan
44%
8 Tiffany
43%
74 Holly
42%
33 Crystal
41%
47 Jamie
41%
82 Brooke
39%
25 Chelsea
38%
80 Lindsay
38%
35 Lindsey
38%
28 Erica
37%
50 Kelsey
37%
97 Savannah
37%
37 Jordan
35%
40 April
34%
95 Cassandra
29%
29 Haley
29%
85 Shannon
29%
19 Brittney
26%
58 Caitlin
26%
88 Miranda
26%
73 Tara
26%
23 Whitney
24%
60 Alexandria
23%
77 Shelby
23%
90 Summer
23%
76 Katelyn
21%
69 Kendra
20%
84 Leslie
20%
75 Britney
19%
64 Casey
19%
70 Brandy
18%
61 Candace
17%
91 Ariel
16%
83 Erika
15%
96 Mallory
15%
54 Kathryn
14%
100 Felicia
13%
71 Breanna
8%
89 Tabitha
8%
81 Rachael
5%
56 Raven
5%
53 Brandi
4%
99 Kiara
4%
No matching quizzes found
Score Distribution
Percent of People with Each Score
Percentile by Number Answered
Your Score History
You have not taken this quiz